000 00473nam a2200169Ia 4500
999 _c27439
_d27439
003 OSt
005 20201204114632.0
008 190216s9999||||xx |||||||||||||| ||und||
040 _coclc
082 _a894.8123
_bKHA/A
100 _aKhader, U A
_96773
245 0 _aAripravinte Premam /
_cU A Khader
260 _bPoorna Publications,
_c1997.
_aKozhikode:
300 _a133p
650 _aNovel
942 _cBK
_2ddc
_h894.8123
_iKHA/A
_k894.8123
_mKHA/A